000 00211nam a22000857a 4500
001 1235334
005 20250930124552.0
245 _aSIRADAN BİR ÇOCUK
_cANDREW CLEMENTS
260 _bGÜNIŞIĞI KİTAPLIĞI YAYINLARI
999 _c1235334
_d1235334